000 00722na a2200241 4500
001 15415
003 MIRAKIL
005 20181213154749.0
008 161008b tu 000 0
020 _a97501800374
035 _a15415
040 _aMilas
_btur
_cTR-AnCHP
082 _a956.211
_bK97i
090 _a956.211 K97i 2000
100 _aKütükoğlu, Mübahat S.
_d1932 -
222 _aİzmir
245 _aİzmir tarihinden kesitler
_cMübahat S. Kütükoğlu
260 _aİzmir
_bİzmir Büyükşehir Belediyesi Kültür Yayını
_c2000
300 _ax, 336 s.
_bgrf. ; tbl.
_c24 sm.
490 _aİzmir Büyükşehir Belediyesi Kent Kitaplığı dizisi
_v1
651 _aİzmir
_xTarih
942 _2ddc
_cBKS
999 _c446
_d446